000 00717nam a2200265 i 4500
001 C2-0276319
003 PPAK
005 20180728004758.0
008 061123s2004 my a|||| ||||| | may d
020 _a9789839422597
040 _aPPAK
_beng
_cPPAK
_erda
082 0 4 _a297.18
_223
090 0 0 _a297.18
_bHAM
_dBC
090 0 0 _a297.18
_bHAM
_dK
100 0 _aHamka,
_eauthor
245 1 0 _aBercerita kisah nabi & rasul
264 1 _aShah Alam, Selangor :
_bPustaka Dini ,
_c2004
300 _a68 pages :
_billustrations ;
_c21 cm
336 _2rdacontent
_atext
337 _2rdamedia
_aunmediated
338 _2rdacarrier
_avolume
500 _aJilid 4
650 1 0 _aIslamic stories, Malay.
942 _ddc
_cB
999 _c83789
_d83789